Metodología de diseño de sistemas orientada al uso de bases de datos
Salvato in:
| Autore principale: | |
|---|---|
| Natura: | Libro |
| Pubblicazione: |
[San José , Costa Rica]
1985
|
| Soggetti: | |
| Tags: |
Aggiungi Tag
Nessun Tag, puoi essere il primo ad aggiungerne!!
|
MARC
| LEADER | 00000nam a2200000Ia 4500 | ||
|---|---|---|---|
| 003 | 002711 | ||
| 005 | 20221231144405.0 | ||
| 008 | 140114s1985 cr a m 000 ||s d | ||
| 040 | |c cru CEDI | ||
| 090 | |a TFG 1623 | ||
| 100 | |a Rodríguez Umaña, Alexis |9 14660 | ||
| 245 | |a Metodología de diseño de sistemas orientada al uso de bases de datos | ||
| 260 | |c 1985 |a [San José , Costa Rica] | ||
| 300 | |a 2 volúmenes : ilustraciones ; 28 cm | ||
| 500 | |a Proyecto de graduacion (licenciatura en ciencias de la computación e informática)-- Universidad de Costa Rica. Escuela de Ciencias de la Computacion e Informática | ||
| 650 | |x BASES DE DATOS |9 14661 | ||
| 942 | |c TFG | ||
| 999 | |c 21176 |d 21176 | ||
